La biblia de Office 2007 (Registro nro. 25942)
[ vista simple ]
| 000 -CABECERA | |
|---|---|
| Longitud fija campo de control | 00765nam a22002537a 4500 |
| 003 - IDENTIFICADOR DELl NÚMERO DE CONTROL | |
| Identificador del número de control | OSt |
| 005 - FECHA Y HORA DE LA ÚLTIMA TRANSACCIÓN | |
| Fecha y hora de la última transacción | 20170221100449.0 |
| 008 - CÓDIGOS DE INFORMACIÓN DE LONGITUD FIJA | |
| Códigos de información de longitud fija | 160920b xxu||||| |||| 00| 0 eng d |
| 020 ## - NÚMERO INTERNACIONAL NORMALIZADO PARA LIBROS | |
| Número Internacional Normalizado para Libros (ISBN) | 978-84-415-2223-7 |
| 040 ## - FUENTE DE LA CATALOGACIÓN | |
| Centro transcriptor | CRI |
| 082 ## - NÚMERO DE LA CLASIFICACIÓN DECIMAL DEWEY | |
| Númeroo de clasificación | 004.1 |
| 100 1# - PUNTO DE ACCESO PRINCIPAL-NOMBRE DE PERSONA | |
| 9 (RLIN) | 1628 |
| Nombre de persona | Bott, Ed |
| 245 ## - MENCIÓN DE TÍTULO | |
| Título | La biblia de Office 2007 |
| Mención de responsabilidad, etc. | Ed Bott, Woody Leonhard; Editor Manuel Ruiz Calderón. |
| 260 ## - PUBLICACIÓN, DISTRIBUCIÓN, ETC. (PIE DE IMPRENTA) | |
| Lugar de publicación, distribución, etc. | Madrid |
| Nombre del editor, distribuidor, etc. | ANAYA |
| Fecha de publicación, distribución, etc. | 200'5 |
| 300 ## - DESCRIPCIÓN FÍSICA | |
| Extensión | 976 p. |
| Otras características físicas | il. |
| Dimensiones | 23 cm. |
| 500 ## - NOTA GENERAL | |
| Nota general | Índice: p. [9] |
| 546 ## - NOTA DE LENGUA | |
| Nota de lengua | Traducido por: Jorge Garrido Ibárrez |
| 650 #0 - PUNTO DE ACCESO ADICIONAL DE MATERIA - TÉRMINO DE MATERIA | |
| 9 (RLIN) | 2031 |
| Término de materia o nombre geográfico como elemento inicial | Informática |
| 700 1# - PUNTO DE ACCESO ADICIONAL - NOMBRE DE PERSONA | |
| 9 (RLIN) | 39749 |
| Nombre de persona | Bailey, Andrew |
| 700 1# - PUNTO DE ACCESO ADICIONAL - NOMBRE DE PERSONA | |
| 9 (RLIN) | 39745 |
| Nombre de persona | Ruiz,Víctor Manuel. |
| 700 1# - PUNTO DE ACCESO ADICIONAL - NOMBRE DE PERSONA | |
| 9 (RLIN) | 39756 |
| Nombre de persona | Ibárrez Garrido, Jorge |
| 700 1# - PUNTO DE ACCESO ADICIONAL - NOMBRE DE PERSONA | |
| 9 (RLIN) | 39752 |
| Nombre de persona | Poza Melero, Cecilia |
| 942 ## - ENTRADA DE ELEMENTOS AGREGADOS (KOHA) | |
| Fuente de clasificaión o esquema | Dewey Decimal Classification |
| Koha [por defecto] tipo de item | 1- Monografias |
| Parte de clasificación | prozim |
| Suprimido | Perdido | Fuente de clasificación o esquema | Estropeado | Restricciones de uso | No para préstamo | Código de colección | Localización permanente | Localización actual | Localización en estanter&íacute;as | Fecha adquisición | Fuente de adquisición | Número de inventario | Préstamos totales | Signatura completa | Código de barras | Fecha última consulta | Fecha último préstamo | Fecha del precio de reemplazo | Tipo de item de Koha |
|---|---|---|---|---|---|---|---|---|---|---|---|---|---|---|---|---|---|---|---|
| NULL | NULL | Dewey Decimal Classification | NULL | Prestable | NULL | NULL | Biblioteca Centro Regional de Ilobasco | Biblioteca Centro Regional de Ilobasco | Sala Principal | 10/04/2010 | CRI | LI001673 | 1 | 006.7 BOT off | 1038183 | 27/02/2024 | 26/02/2024 | 20/09/2016 | 1- Monografias |
| NULL | NULL | Dewey Decimal Classification | NULL | Prestable | NULL | NULL | Biblioteca Centro Regional de Ilobasco | Biblioteca Centro Regional de Ilobasco | Sala Principal | 10/04/2010 | CRI | LI001674 | 006.7 BOT off | 1038184 | 20/09/2016 | 20/09/2016 | 1- Monografias | ||
| NULL | NULL | Dewey Decimal Classification | NULL | Prestable | NULL | NULL | Biblioteca Centro Regional de Ilobasco | Biblioteca Centro Regional de Ilobasco | Sala Principal | 10/04/2010 | CRI | LI001675 | 006.7 BOT off | 1038185 | 17/01/2024 | 20/09/2016 | 1- Monografias |